Tvorba kartografického modelu pre potreby ochrany kultúrneho dedičstva

Guardado en:
Detalles Bibliográficos
Autor principal: Kotleba, Tadeáš (Autor)
Otros Autores: Lieskovský, Tibor (Orientador)
Formato: Manuscrito Libro
Lenguaje:eslovaco
Publicado: 2021
Materias:
Acceso en línea:http://is.stuba.sk/zp/portal_zp.pl?podrobnosti=149259
https://opac.crzp.sk/?fn=detailBiblioForm&sid=C5B0443D08DFEDB23A0F0B49A386
Etiquetas: Agregar Etiqueta
Sin Etiquetas, Sea el primero en etiquetar este registro!

MARC

LEADER 00000ntm a22000003a 4500
001 stuzp84327
003 SK-STU
005 20230515081635.9
007 ta
008 150427s2015----xo-----f-mn---000-0-slo-d
040 |a STU  |b slo 
041 0 |a slo 
100 1 |a Kotleba, Tadeáš  |u 010130  |4 aut  |U SvF Stavebná fakulta  |T SvF Katedra globálnej geodézie a geoinformatiky  |X 97707  |U V130  |Y 13  |7 97707 
242 0 1 |a Creation of a Cartographic Model for the Needs of Cultural Heritage Protection  |y eng 
245 1 0 |a Tvorba kartografického modelu pre potreby ochrany kultúrneho dedičstva 
260 |c 2021 
650 4 |a kartografický model  |2 slo 
650 4 |a kultúrne dedičstvo  |2 slo 
650 4 |a DMR  |2 slo 
650 4 |a GIS  |2 slo 
650 4 |a cartographic model  |2 eng 
650 4 |a national heritage  |2 eng 
650 4 |a DMR  |2 eng 
650 4 |a GIS  |2 eng 
700 1 |a Lieskovský, Tibor  |u 010130  |k Z1  |4 ths  |U SvF Stavebná fakulta  |T SvF Katedra globálnej geodézie a geoinformatiky  |X 3805  |U V130  |Y 13  |7 A000003805 
856 4 |u http://is.stuba.sk/zp/portal_zp.pl?podrobnosti=149259 
856 4 |u https://opac.crzp.sk/?fn=detailBiblioForm&sid=C5B0443D08DFEDB23A0F0B49A386